Chemical product design
Guardat en:
| Autor principal: | |
|---|---|
| Format: | Llibre |
| Idioma: | Undetermined |
| Publicat: |
Cambridge
Cambridge University Press
2001
|
| Matèries: | |
| Etiquetes: |
Afegir etiqueta
Sense etiquetes, Sigues el primer a etiquetar aquest registre!
|
| Thư viện lưu trữ: | Trung tâm Học liệu Trường Đại học Cần Thơ |
|---|
| LEADER | 00516nam a2200193Ia 4500 | ||
|---|---|---|---|
| 001 | CTU_74793 | ||
| 008 | 210402s9999 xx 000 0 und d | ||
| 020 | |c 239000 | ||
| 082 | |a 660 | ||
| 082 | |b C986 | ||
| 100 | |a Cussler, E. L. | ||
| 245 | 0 | |a Chemical product design | |
| 245 | 0 | |c E. L. Cussler, G. D. Moggridge | |
| 260 | |a Cambridge | ||
| 260 | |b Cambridge University Press | ||
| 260 | |c 2001 | ||
| 650 | |a Chemical industry | ||
| 904 | |i Tuyến | ||
| 980 | |a Trung tâm Học liệu Trường Đại học Cần Thơ | ||